One Piece par la lettre P - Statistiques

Statistiques générales
  • Ce quiz a été pris 168 fois
  • Le résultat moyen est 27 sur 44
Statistiques - réponses
Indice réponse % Correct
Minks mort à Whole Cake Pedro
93%
Fille de l'équipage de Thriller Bark Perona
93%
L'équipage au chapeau de Paille
91%
Ile où César gardait des enfants Punk Hazard
91%
Nico Robin peut les déchiffrer Ponéglyphes
89%
Devait se marier avec Sanji Pudding
88%
Armes qui obéissent à Sentomaru Pacifistas
85%
Premier fils de la famille Charlotte Perospero
85%
Espèce en laquelle se transforme Marco Phoenix
85%
Luffy, Teach, Roger, Newgate en sont tous Pirates
85%
S'est battu contre Zorro à Dressrosa Pica
84%
Ace aux Poings ardents
82%
Fruit de Ace Pyro-fruit
81%
Fruit de Magellan Fruit du poison
80%
Fruit de Blueno Fruit du portier
80%
Personnage caché dans les tomes de One Piece Pandaman
77%
Serviteur du roi Cobra Pell
76%
Frère d'Ulti Page One
70%
Surnom de Queen La pandémie
67%
Etoile de mer Pappug
67%
Minks au service de Big Mom Pekoms
67%
Charpentier Paulie
64%
Membre de l'équipage du Capitaine Usopp Piment
60%
Membre de l'équipage de Barbe noire Pizarro
60%
Monture de Gan Forr Pierre
59%
Membre de l'équipage de Krieg Pearl
58%
Un des principaux hommies de Mama Prométhée
57%
Fruit de Boa Hancock Fruit de la passion
50%
Membre d'équipage du Heart Penguin
46%
Ex-mari de Linlin Pound
46%
Train des mers Puffing Tom
46%
Un des Vegapunk Pythagore
46%
Fille sirène de Big Mom Praline
44%
Fruit de Trebol Fruit du poisse-poisse
41%
Cuisinier sur le Baratie Patty
41%
Fruit de Raizo Fruit du parchemin
38%
Fruit de Smoothie Fruit du presse presse
31%
Femme de l'équipage de Foxy Porche
31%
Père de Conis Pagaya
29%
Fruit de Fujitora Fruit de la pesanteur
26%
Fruit de Gladius Fruit du paf-paf
26%
Fruit de Kerry Funk Fruit de la pelisse
19%
L'espèce en laquelle se transforme Ulti Pachycéphalosaure
17%
Le frère d'Ulti se transforme en Ptéranodon
15%
Aucun quiz correspondant
Distribution des résultats
% des personnes avec chaque résultat
Percentile par nombre de réponses
Votre historique - résultats
Vous n’avez pas pris ce quiz